Statistics for Top 30 International Soccer Teams

Click here to take the quiz!

General Stats

  • This quiz has been taken 490 times
  • The average score is 21 of 30

Answer Stats

RankAnswer% Correct
4Argentina
96%
1Brazil
96%
5France
96%
2Germany
96%
9Spain
94%
10England
91%
13Portugal
91%
12Italy
88%
7Belgium
84%
16USA
84%
17Mexico
81%
6Netherlands
81%
22Sweden
77%
3Chile
75%
14Croatia
75%
11Uruguay
75%
18Poland
71%
8Colombia
66%
23Switzerland
65%
25Republic of Ireland
57%
26Wales
56%
30Austria
55%
20Serbia
54%
21Peru
53%
29Turkey
53%
19Ukraine
50%
27Iceland
47%
15Ecuador
42%
24Costa Rica
41%
28Slovakia
41%

Score Distribution

Percentile by Number Answered

Percent of People with Each Score

Your Score History

You have not taken this quiz